<?xml version="1.0" encoding="UTF-8"?><?xml-stylesheet type="text/xsl" href="static/style.xsl"?><OAI-PMH xmlns="http://www.openarchives.org/OAI/2.0/" xmlns:xsi="http://www.w3.org/2001/XMLSchema-instance" xsi:schemaLocation="http://www.openarchives.org/OAI/2.0/ http://www.openarchives.org/OAI/2.0/OAI-PMH.xsd"><responseDate>2026-04-27T21:46:35Z</responseDate><request verb="GetRecord" identifier="oai:uvadoc.uva.es:10324/51267" metadataPrefix="marc">https://uvadoc.uva.es/oai/request</request><GetRecord><record><header><identifier>oai:uvadoc.uva.es:10324/51267</identifier><datestamp>2022-03-29T12:24:04Z</datestamp><setSpec>com_10324_38</setSpec><setSpec>col_10324_852</setSpec></header><metadata><record xmlns="http://www.loc.gov/MARC21/slim" xmlns:doc="http://www.lyncode.com/xoai" xmlns:xsi="http://www.w3.org/2001/XMLSchema-instance" xmlns:dcterms="http://purl.org/dc/terms/" xsi:schemaLocation="http://www.loc.gov/MARC21/slim http://www.loc.gov/standards/marcxml/schema/MARC21slim.xsd">
<leader>00925njm 22002777a 4500</leader>
<datafield tag="042" ind1=" " ind2=" ">
<subfield code="a">dc</subfield>
</datafield>
<datafield tag="720" ind1=" " ind2=" ">
<subfield code="a">Villares García, Andrea</subfield>
<subfield code="e">author</subfield>
</datafield>
<datafield tag="260" ind1=" " ind2=" ">
<subfield code="c">2021</subfield>
</datafield>
<datafield tag="520" ind1=" " ind2=" ">
<subfield code="a">Esta investigación tiene por objetivo analizar las narrativas del ciberperiodismo en&#xd;
Twitter y Telegram a través de un estudio de caso basado en las informaciones que&#xd;
publican seis medios de comunicación internacionales. La metodología aplicada para ello&#xd;
es un análisis de contenido de una muestra de conveniencia seleccionada durante la&#xd;
semana del 28 de marzo al 4 de abril, que resultó en 84 publicaciones (42 en Twitter y 42&#xd;
en Telegram). Los resultados muestran que, en términos generales, apenas se aprecia&#xd;
innovación en las narrativas multimedia de estos medios en los canales seleccionados,&#xd;
más allá de los incrustados en el enlace de la noticia de la web.</subfield>
</datafield>
<datafield tag="520" ind1=" " ind2=" ">
<subfield code="a">This research aims to analyze the narratives of cyberjournalism on Twitter and Telegram&#xd;
through a case study based on the information published by six international media. The&#xd;
methodology applied for this is a content analysis of a convenience sample selected&#xd;
during the week of March 28 to April 4, which resulted in 84 publications (42 on Twitter&#xd;
and 42 on Telegram). The results show that, in general terms, there is hardly any&#xd;
innovation in the multimedia narratives of these media in the selected channels, beyond&#xd;
those embedded in the link of the news on the web.</subfield>
</datafield>
<datafield tag="024" ind2=" " ind1="8">
<subfield code="a">https://uvadoc.uva.es/handle/10324/51267</subfield>
</datafield>
<datafield tag="245" ind1="0" ind2="0">
<subfield code="a">El periodismo en Twitter y Telegram. Aproximación a sus narrativas a través del análisis de seis medios de comunicación</subfield>
</datafield>
</record></metadata></record></GetRecord></OAI-PMH>